000 01085nam a2200217Ia 4500
999 _c38460
_d38460
001 4472
003 GE_BSU
005 20190521185529.0
008 181216s1990||||ge |||||||||||||| ||geo||
040 _cGE_BSU
041 _ageo
080 _a519.2(075.8) ც–59
100 _aცივაძე, აკაკი.
_91480
245 _aალბათობის თეორია და მათემატიკური სტატისტიკა : სახელმძღვანელო. /
_cაკაკი ცივაძე ; სერგო თოფურიას რედაქციით.
264 _aთბილისი :
_bტექნიკური უნივერსიტეტი,
_c1990.
300 _a368 გვ .:
_c21 სმ.
_eდანართი: გვ.339-362.
541 _h10 ლ.
653 _aალბათობის თეორია და მათემატიკური სტატისტიკა
700 _aთოფურია, სერგოს
_eრედაქციით
_91481
942 _cBK
_2udc